| 000 | 01201cam a22003134a 4500 | ||
|---|---|---|---|
| 999 |
_c351 _d351 |
||
| 001 | 13860640 | ||
| 003 | GZU | ||
| 005 | 20200721110043.0 | ||
| 008 | 050203s2004 sa ab 000 0 eng | ||
| 010 | _a 2005352437 | ||
| 020 | _a186888208X (pbk.) | ||
| 040 |
_aDLC _cDLC _dDLC |
||
| 042 | _apcc | ||
| 043 | _af-sa--- | ||
| 050 | 0 | 0 |
_aBR1455.C37 _bPRE 2004 |
| 100 | 1 |
_aPretorius, H. L. _q(Hendrik Louwrens) _eauthor |
|
| 245 | 1 | 0 |
_aDrumbeats : _bsounds of Zion in the Cape Flats / _cHennie Pretorius ; foreword by Marthinus Daneel. |
| 250 | _a1st ed. | ||
| 260 |
_aPretoria : _bUniversity of South Africa Press, _cc2004. |
||
| 300 |
_axvii, 366 p. : _bill., 1 map ; _c22 cm. |
||
| 440 | 0 |
_aAfrican initiatives in Christian mission ; _v10 |
|
| 500 | _aIncludes bibliographical references (354-362) and index. | ||
| 504 | _aIncludes bibliographical references (354-362) and index. | ||
| 650 | 0 |
_aZionist churches (Africa) _zSouth Africa _zCape of Good Hope _xHistory. |
|
| 651 | 0 |
_aCape of Good Hope (South Africa) _xChurch history. |
|
| 906 |
_a7 _bcbc _corignew _d2 _encip _f20 _gy-gencatlg |
||
| 942 |
_2lcc _cBK _h1455.C37 _iPRE _kBR |
||